Reform and Revolt in the City of Dreaming Spires (Record no. 65124)

MARC details
000 -LEADER
fixed length control field 02128nam a2200241Ii 4500
008 - FIXED-LENGTH DATA ELEMENTS--GENERAL INFORMATION
fixed length control field 221202s xx 000 0 und d
100 1# - MAIN ENTRY--PERSONAL NAME
Personal name Bowie, Duncan,
Relator term author
245 #0 - TITLE STATEMENT
Title Reform and Revolt in the City of Dreaming Spires
246 ## - VARYING FORM OF TITLE
Title proper/short title Radical, Socialist and Communist Politics in the City of Oxford 1830:1980
264 #1 - PRODUCTION, PUBLICATION, DISTRIBUTION, MANUFACTURE, AND COPYRIGHT NOTICE
Place of production, publication, distribution, manufacture London
Name of producer, publisher, distributor, manufacturer University of Westminster Press
Date of production, publication, distribution, manufacture, or copyright notice 2018
300 ## - PHYSICAL DESCRIPTION
Extent 1 online resource (354 pages)
336 ## - CONTENT TYPE
Content type term text
Content type code txt
Source rdacontent
337 ## - MEDIA TYPE
Media type term computer
Media type code c
Source rdamedia
338 ## - CARRIER TYPE
Carrier type term online resource
Carrier type code cr
Source rdacarrier
520 ## - SUMMARY, ETC.
Summary, etc. Books about Oxford have generally focused on the University rather than the city. This original book on the local politics of Oxford City from 1830 to 1980 is based on a comprehensive analysis of primary sources and tells the story of the city’s progressive politics. The book traces this history from Chartism and electoral reform in the mid-nineteenth century, through the early years of socialism to the impact of communism in the interwar period, the struggle between nuclear disarmers and Gaitskellites in the 1960s and the impact of the new revolutionary left in the late 1970s. Throughout the narrative, the book contrasts the two approaches of those engaged in progressive politics, those who focused on the politics of reform and improved government and those who preferred the politics of revolt, protest and revolutionary rhetoric. The author argues that a central feature of this history has been the co-existence and interaction of working- and middle- class elements. It rediscovers a rich heritage, a fascinating story and offers a rare wide-ranging chronological narrative of local UK city politics. Through its extensive quotes from primary sources, the book presents a vivid picture of local politics over 150 years.
653 ## - INDEX TERM--UNCONTROLLED
Uncontrolled term Labour Party
653 ## - INDEX TERM--UNCONTROLLED
Uncontrolled term Local Politics
653 ## - INDEX TERM--UNCONTROLLED
Uncontrolled term Oxford City
653 ## - INDEX TERM--UNCONTROLLED
Uncontrolled term Oxford University
653 ## - INDEX TERM--UNCONTROLLED
Uncontrolled term Radical
856 ## - ELECTRONIC LOCATION AND ACCESS
Uniform Resource Identifier <a href="https://library.oapen.org/bitstream/20.500.12657/26035/1/reform-and-revolt-in-the-city-of-dreaming-spires.pdfhttp://library.oapen.org/handle/20.500.12657/26035">https://library.oapen.org/bitstream/20.500.12657/26035/1/reform-and-revolt-in-the-city-of-dreaming-spires.pdfhttp://library.oapen.org/handle/20.500.12657/26035</a>
942 ## - ADDED ENTRY ELEMENTS (KOHA)
Koha item type E-Book
Holdings
Withdrawn status Damaged status Not for loan Home library Current library Date acquired Total Checkouts Date last seen Price effective from Koha item type
      Directory of Open Access Books Directory of Open Access Books 11/28/2022   11/28/2022 11/28/2022 E-Book

University of Rizal System
Email us at univlibservices@urs.edu.ph

Visit our Website www.urs.edu.ph/library